Statistics for Soccer players by images #2

Click here to take the quiz!

General Stats

  • This quiz has been taken 62 times
  • The average score is 12 of 16

Answer Stats

Answer% Correct
Erling Haaland
96%
Lukaku
89%
Raheem Sterling
89%
Harry Maguire
88%
Angel Di Maria
86%
Lewandowski
84%
Lautaro Martinez
81%
Thiago Silva
79%
Ederson
74%
Fred
72%
Julian Alvarez
70%
Ruben Dias
68%
Alexis Sanchez
60%
Alisson Becker
54%
Mauro Icardi
54%
Alessandro Bastoni
30%

Score Distribution

Percentile by Number Answered

Percent of People with Each Score

Your Score History

You have not taken this quiz